000 00523nam a2200169 i 4500
001 142107
003 ES-MaACL
005 20230906200439.0
007 t|
008 071003s1963 sp ||||1| spa d
100 1 _aWilliamson, Maude.
_9116972
245 1 0 _aAplicación de la tecnología y psicología para el hogar y la familia /
_cMaude Williamson, Mary S. Lyle.
260 _aBarcelona :
_bReverté,
_c1963.
300 _a177 p. ;
_c22 cm.
700 1 _aLyle, Mary S.
_974929
852 _aES-MaACL
_jC-23038
_bR.51965
999 _c142107
_d142107